Manchester United players last club - Statistics

General Stats
  • This quiz has been taken 61 times
  • The average score is 13 of 20
Answer Stats
Player Answer % Correct
Harry Maguire Leicester City
98%
David De Gea Atletico Madrid
95%
Jadon Sancho Borussia Dortmund
95%
Wayne Rooney Everton
91%
Bruno Fernandes Sporting Lisbon
91%
Robin Van Persie Arsenal
89%
Juan Mata Chelsea
87%
Angel Di Maria Real Madrid
82%
Wilfried Zaha Crystal Palace
71%
Carlos Tevez West Ham United
71%
Eric Cantona Leeds United
67%
Ruud Van Nistelrooy PSV
64%
Ander Herrera Athletic Bilbao
60%
Andy Cole Newcastle United
58%
Fred Shakhtar Donetsk
47%
Ole Gunnar Solskjaer Molde
42%
Anderson Porto
35%
Peter Schmeichel Brondby
29%
Denis Irwin Oldham Athletic
20%
Nemanja Vidic Spartak Moscow
20%
No matching quizzes found
Score Distribution
Percent of People with Each Score
Percentile by Number Answered
Your Score History
You have not taken this quiz